| 000 | 00583nam a22001937a 4500 | ||
|---|---|---|---|
| 008 | 151201b xxu||||| |||| 00| 0 eng d | ||
| 020 | _a0618388044 (student's ed.) | ||
| 041 | 0 | _aeng | |
| 080 | _a514.11 | ||
| 100 | 1 | _aAufmann, Richard N. | |
| 245 | 1 | 0 |
_aCollege trigonometry / _cRichard N. Aufmann, Vernon C. Barker, Richard D. Nation. |
| 250 | _a5th ed. | ||
| 260 |
_aBoston : _bHoughton Mifflin Co., _cc2005. |
||
| 300 |
_a1 v. (various pagings) : _bme il.; _c27 cm. |
||
| 650 | 0 | _aTrigonometri | |
| 700 | 1 | _aBarker, Vernon C. | |
| 700 | 1 | _aNation, Richard. | |
| 942 |
_2udc _cBK |
||
| 999 |
_c1394 _d1394 |
||